FORCE (Record no. 2161)

000 -LEADER
fixed length control field 00305nam a2200133Ia 4500
008 - FIXED-LENGTH DATA ELEMENTS--GENERAL INFORMATION
fixed length control field 180730s9999||||xx |||||||||||||| ||und||
020 ## - INTERNATIONAL STANDARD BOOK NUMBER
International Standard Book Number 9780240808451
082 ## - DEWEY DECIMAL CLASSIFICATION NUMBER
Classification number 823
Item number MAT/F
100 ## - MAIN ENTRY--PERSONAL NAME
Personal name Mattesi, Michael D.
245 #0 - TITLE STATEMENT
Title FORCE
260 ## - PUBLICATION, DISTRIBUTION, ETC.
Place of publication, distribution, etc. Londan
Name of publisher, distributor, etc. Focal Press
Date of publication, distribution, etc. 2013
300 ## - PHYSICAL DESCRIPTION
Extent 228p
942 ## - ADDED ENTRY ELEMENTS (KOHA)
Institution code [OBSOLETE] BK
Holdings
Withdrawn status Lost status Damaged status Not for loan Collection code Permanent Location Current Location Date acquired Cost, normal purchase price Total Checkouts Full call number Barcode Date last seen Date last checked out Price effective from Koha item type
        School of Animation (Noida) MUIT-NOIDA MUIT-NOIDA 2018-07-30 250.00 5 823 MAT/F ANM00210 2023-02-16 2023-02-09 2018-07-30 Donated Books

All Rights Reserved@MUIT

Powered by Koha